00581nam a22001817a 450000500170000001000150001702000260003203500140005803700090007208200130008124501210009425000060021526000430022127000640026430000190032870000260034770000260037320260604122456.0 aENG-148737 a9789347435928c399.00 aEN-132269 bDBAD a327.521 aRevisionists Rising China Russia Iran And North Korea In The Global Order/cEdited by Harsh V Pant [and] Rahul Rawat a1 aNew DelhibHar Anand Publicationc2026 aE-49/3, Okhla Industrial Area, Phase-II,bNew Delhie110020 a85p.c22cm(hb) aPant, Harsh VeEditor aRawat, Rahul eEditor